000 00683nam a2200205 a 4500
008 120416s1995 ||||||||||||||||| || u
020 _a0521499631
050 _aQC 495 Col
100 _aBourriau, Janine
245 1 0 _aColour : art & science /
_cedited by Trevor Lamb
260 _aCambridge
_bCambridge University Press
_c1995
300 _avi, 237p. : ill.
350 _a0.00
490 _aThe Darwin College lectures
500 _aBibliography
650 0 _aPHYSICS
650 _aCOLOUR
700 _aLamb, Trevor
995 _D0.00
_FCBU-MAIN LIBRARY (Kitwe)
_H1
_I16.95
_M1
_UAVAILABLE
_ZAnnex Low-Usage Collection
999 _c37735
_d37735